000
00317nam a22001337a 4500
020
_a
0835209520
082
_a
021.4 SOC
100
_a
PATRICIA ,Glass. schuman
245
_a
SOCIAL RESPONSIBILITIES AND LIBRARIES
260
_a
LONDON
_b
BOWKER
_c
1976
300
_a
x,402p
_b
ill.;23CM
500
_a
Index
942
_c
BK
999
_c
19134
_d
19134